|
|
|
|
| LEADER |
00000nam a2200000 a 4500 |
| 001 |
vtls008303262 |
| 003 |
SK-MaSNL |
| 005 |
20260302074210.0 |
| 008 |
251031s2004 xr oae f 001 0 cze |
| 020 |
|
|
|a 8025102874
|q (brož.)
|
| 040 |
|
|
|a SNK
|b slo
|c SNK
|e AACR2
|
| 041 |
1 |
|
|a cze
|h ger
|
| 044 |
|
|
|a xr
|c CZ
|
| 072 |
|
7 |
|a 712
|x Plánovanie krajiny. Parky. Záhrady
|2 konspekt
|
| 080 |
|
|
|a 712.3/.7
|2 MDT-MRF
|
| 080 |
|
|
|a 712.26
|2 MDT-MRF
|
| 080 |
|
|
|a 712.254
|2 MDT-MRF
|
| 080 |
|
|
|a (091)
|2 MDT-MRF
|
| 080 |
|
|
|a (4)
|2 MDT-MRF
|
| 080 |
|
|
|a (031)
|2 MDT-MRF
|
| 100 |
1 |
|
|a Kalusok, Michaela,
|d 1961-
|4 aut
|9 739520
|
| 240 |
1 |
0 |
|a Schnellkurs Gartenkunst
|l Česky
|
| 245 |
1 |
0 |
|a Zahradní architektura
|c Michaela Kalusok ; [překlad Marie Tejkalová]
|
| 250 |
|
|
|a 1. vyd.
|
| 260 |
|
|
|a Brno
|b Computer Press
|c 2004
|
| 300 |
|
|
|a 192 s.
|b ilustr., fotogr., plány
|c 20 cm
|
| 490 |
1 |
|
|a Malá encyklopedie
|
| 500 |
|
|
|a Fareb. fotogr. na front.
|
| 504 |
|
|
|a Bibliografia s. 185-186. Terminol. slovník
|
| 650 |
0 |
7 |
|a záhradná architektúra
|x dejiny
|2 SNKPH
|9 739521
|
| 650 |
0 |
7 |
|a historické záhrady
|z Európa
|2 SNKPH
|9 739522
|
| 650 |
0 |
7 |
|a historické parky
|z Európa
|2 SNKPH
|9 739523
|
| 655 |
|
7 |
|a encyklopédie
|2 SNKPH
|9 28776
|
| 700 |
1 |
|
|a Tejkalová, Marie
|4 trl
|9 739524
|
| 830 |
|
0 |
|a Malá encyklopedie
|9 309937
|
| 919 |
|
|
|a 80-251-0287-4
|
| 999 |
|
|
|c 1164075
|d 1166005
|
| 952 |
|
|
|a SNK
|b SNK
|y VYP
|7 0
|p 17A0464708
|o snkID 97503
|i snk2005/20346
|8 3
|g 8.93
|0 0
|1 0
|4 0
|d 2005-11-29
|l 0
|r 2026-02-24 20:43:44
|w 2026-02-24
|